000 00932cab a2200241 4500
001 ABS54891
008 090401t1996 xxu||||| |||| 00| 0 eng d
035 _a(Sirsi) u12839
041 _aeng
110 _aBarrett Byrd Associates
_92175
245 _aKnowing the ropes
260 _c1996
350 _a0
490 _aNew Civil Engineer
_v18 April 1996, 36(1)
520 _aConsiders the rise in popularity of roped access, or abseiling, for carrying out building inspection and maintenance in difficult to get to places, the threat this trend poses to more traditional access equipment suppliers and the role of Industrial Rope Access Trade Association (IRATA) guidelines.
650 _aABSEILING
650 _aBUILDING ACCESS
650 _aINDUSTRIAL ROPE ACCESS TRADE ASSOCIATION
650 _aROPE ACCESS METHODS
690 _aBUILDING AND CONSTRUCTION-REPAIRS AND MAINTENANCE
942 _n0
948 _c04/03/1997
999 _c8235
_d8235